Epoca modernista

Saved in:
Bibliografiske detaljer
Hovedforfatter: Quiroga, Horacio (Author)
Format: Bog
Sprog:spansk
Udgivet: Montevideo Arca 1973
Serier:Obras inéditas y desconocidas, 7
Fag:
Tags: Tilføj Tag
Ingen Tags, Vær først til at tagge denne postø!

MARC

LEADER 00000nam a2200000 a 4500
001 UCW5543
003 CL-VaPUC
008 910604e19730000UY |||||||||||||||||spa|d
082 0 4 |a 863  |b QUI  |2 21 
100 0 |a Quiroga, Horacio  |e author  |9 310556 
245 1 0 |a Epoca modernista 
300 |a 223 p 
942 |c BK 
945 |d 19910604 00:00:00 
260 |a Montevideo  |b Arca  |c 1973 
650 0 |a Cuentos uruguayos  |9 265136 
650 0 |a Poesías uruguayas   |9 268420 
583 |a last modification  |c 19910604 00:00:00  |k Rodrigo Vera 
490 0 |a Obras inéditas y desconocidas, 7 
999 |c 218949  |d 218947